000
00308nam a2200109Ia 4500
008
171211s9999 xx 000 0 und d
245
4
_a
The Cosmos For Kids (I Spy Universe)
245
_c
Speedy Publishing LLC
260
_c
2014
650
_x
ASTRONOMY
856
_u
http://down.ebook777.com/064/1680321293.pdf
999
_c
349392
_d
349392